京都市の駅 - Statistics

General Stats
  • This quiz has been taken 191 times
  • The average score is 57 of 95
Answers on the Map
Answers color-coded by a green-red scale on the quiz's map according to % correct below.
 
Answer Stats
Group 駅名 % Correct
下京区 京都きょうと
99%
中京区 二条にじょう
93%
東山区 三条さんじょう
93%
山科区 山科やましな
93%
下京区 烏丸からすま
92%
下京区 四条しじょう
88%
西京区 嵐山あらしやま
88%
西京区 かつら
88%
中京区 烏丸御池からすまおいけ
83%
左京区 出町柳でまちやなぎ
82%
右京区 嵯峨嵐山さがあらしやま
82%
右京区 太秦うずまさ
81%
伏見区 伏見ふしみ
81%
伏見区 竹田たけだ
80%
左京区 国際会館こくさいかいかん
79%
下京区 京都河原町きょうとかわらまち
79%
東山区 七条しちじょう
78%
南区 九条くじょう
78%
伏見区 六地蔵ろくじぞう
78%
左京区 鞍馬くらま
77%
下京区 五条ごじょう
77%
南区 西大路にしおおじ
77%
南区 十条じゅうじょう
76%
南区 桂川かつらがわ
75%
伏見区 丹波橋たんばばし
74%
中京区 大宮おおみや
73%
東山区 祇園四条ぎおんしじょう
73%
東山区 東福寺とうふくじ
73%
南区 東寺とうじ
70%
右京区 太秦天神川うずまさてんじんがわ
70%
右京区 西院さいいん
70%
東山区 清水五条きよみずごじょう
69%
東山区 三条京阪さんじょうけいはん
69%
中京区 京都市役所前きょうとしやくしょまえ
68%
伏見区 くいなばし
67%
伏見区 中書島ちゅうしょじま
67%
伏見区 桃山ももやま
67%
山科区 御陵みささぎ
67%
北区 北大路きたおおじ
66%
中京区 二条城前にじょうじょうまえ
66%
東山区 蹴上けあげ
66%
東山区 東山ひがしやま
66%
右京区 西京極にしきょうごく
65%
伏見区 近鉄丹波橋きんてつたんばばし
65%
中京区 円町えんまち
64%
下京区 梅小路京都西うめこうじきょうとにし
64%
伏見区 伏見稲荷ふしみいなり
64%
上京区 今出川いまでがわ
62%
左京区 神宮丸太町じんぐうまるたまち
62%
上京区 鞍馬口くらまぐち
61%
下京区 丹波口たんばぐち
61%
伏見区 稲荷いなり
61%
中京区 丸太町まるたまち
60%
西京区 松尾大社まつおたいしゃ
60%
北区 北山きたやま
59%
右京区 花園はなぞの
56%
左京区 松ヶ崎まつがさき
55%
伏見区 醍醐だいご
55%
伏見区 よど
55%
右京区 トロッコ嵐山あらしやま
54%
伏見区 桃山御陵前ももやまごりょうまえ
53%
西京区 洛西口らくさいぐち
53%
伏見区 伏見桃山ふしみももやま
52%
伏見区 龍谷大前深草りゅうこくだいまえふかくさ
51%
右京区 トロッコ嵯峨さが
50%
伏見区 藤森ふじのもり
50%
西京区 上桂かみかつら
50%
東山区 鳥羽街道とばかいどう
49%
山科区 椥辻なぎつじ
47%
左京区 元田中もとたなか
46%
中京区 西大路御池にしおおじおいけ
46%
伏見区 JR藤森ふじのもり
45%
伏見区 墨染すみぞめ
45%
山科区 小野おの
45%
西京区 トロッコ保津峡ほづきょう
45%
左京区 貴船口きぶねぐち
43%
伏見区 石田いしだ
43%
伏見区 上鳥羽口かみとばぐち
42%
左京区 宝ヶ池たからがいけ
41%
伏見区 観月橋かんげつきょう
40%
左京区 一乗寺いちじょうじ
39%
左京区 八瀬比叡山口やせひえいざんぐち
39%
山科区 東野ひがしの
39%
左京区 京都精華大前きょうとせいかだいまえ
38%
伏見区 向島むかいじま
37%
左京区 岩倉いわくら
36%
左京区 修学院しゅうがくいん
36%
伏見区 桃山南口ももやまみなみぐち
36%
左京区 市原いちはら
32%
左京区 木野きの
26%
左京区 八幡前はちまんまえ
26%
左京区
25%
左京区 二軒茶屋にけんちゃや
24%
左京区 三宅八幡みやけはちまん
23%
左京区 茶山ちゃやま京都芸術大学きょうとげいじゅつだいがく
23%
No matching quizzes found
Score Distribution
Percent of People with Each Score
Percentile by Number Answered
Your Score History
You have not taken this quiz